[Event "Mar del Plata op 47th"]
[Site "Mar del Plata"]
[Date "2016.03.19"]
[Round "1"]
[White "Viera, Matias Nahuel"]
[Black "Rodriguez Vila, Andres"]
[Result "1/2-1/2"]
[WhiteElo "2000"]
[BlackElo "2488"]
[PlyCount "120"]
[EventDate "2016.03.19"]
[EventType "swiss"]
[EventRounds "9"]
[EventCountry "ARG"]
[SourceTitle "CBM 171 Extra"]
[Source "ChessBase"]
[SourceDate "2016.04.26"]
[SourceVersion "1"]
[SourceVersionDate "2016.04.26"]
[SourceQuality "1"]

1. d4 e6 2. c4 c5 3. e3 Nf6 4. Nf3 cxd4 5. Nxd4 Nc6 6. Be2 Be7 7. 0-0 0-0 8. Nc3 d6 9. e4 a6 10. Be3 Qc7 11. Rc1 Ne5 12. f4 Ng6 13. Kh1 Bd7 14. Qe1 Rfe8 15. Qg3 Bf8 16. Nf3 Bc6 17. Bd3 Rad8 18. Bb1 Rb8 19. Nh4 b5 20. cxb5 axb5 21. Nxg6 hxg6 22. e5 Nd5 23. Ne4 Nxe3 24. Qxe3 Qb7 25. Rf2 Bxe4 26. Bxe4 d5 27. Bd3 Ra8 28. b3 Be7 29. Rfc2 Ba3 30. Re1 Rab8 31. h4 Qe7 32. Qh3 Rec8 33. Ree2 Bc1 34. g3 Rxc2 35. Rxc2 Be3 36. h5 g5 37. f5 Bd4 38. fxe6 Qxe6 39. Qxe6 fxe6 40. Rc6 Bxe5 41. Rxe6 Bxg3 42. Rg6 Bf4 43. h6 Rb7 44. Rxg7+ Rxg7 45. hxg7 b4 46. Kg2 Kxg7 47. Kf3 Kf6 48. Bh7 Kg7 49. Bf5 Kf7 50. Ke2 Kf6 51. Bg4 Ke5 52. Kd3 Bc1 53. Bf3 Bb2 54. Kc2 Bd4 55. Kd2 Bc3+ 56. Kd3 d4 57. Ke2 Kf4 58. Bd5 Bb2 59. Bc6 g4 60. Bd5 Kg3 1/2-1/2

[Event "ARG-ch Amateur U2000"]
[Site "La Falda"]
[Date "2015.12.06"]
[Round "4.6"]
[White "Viera, Matias Nahuel"]
[Black "Naselli, Alejandro"]
[Result "0-1"]
[WhiteElo "1959"]
[BlackElo "1919"]
[PlyCount "78"]
[EventDate "2015.12.05"]
[EventType "swiss"]
[EventRounds "9"]
[EventCountry "ARG"]
[SourceTitle "EXT 2024"]
[Source "ChessBase"]
[SourceDate "2023.10.10"]
[SourceVersion "1"]
[SourceVersionDate "2023.10.10"]
[SourceQuality "1"]

1. d4 e6 2. c4 f5 3. Nf3 Nf6 4. g3 d5 5. Bg2 c6 6. 0-0 Bd6 7. b3 Qe7 8. Bb2 0-0 9. Nbd2 Nbd7 10. Ne5 Rd8 11. Qc2 Ne4 12. Nxe4 fxe4 13. Nxd7 Bxd7 14. f3 exf3 15. exf3 c5 16. cxd5 exd5 17. Rae1 Qf8 18. f4 Bc6 19. f5 Be7 20. Ba3 b6 21. Qe2 Bd6 22. f6 Re8 23. fxg7 Qxg7 24. Bxd5+ Kh8 25. Bxc6 Rxe2 26. Rxe2 Rd8 27. Kg2 Bf8 28. dxc5 Bxc5 29. Bb2 Bd4 30. Rd1 Qf6 31. Re8+ Kg7 32. Rxd8 Qxc6+ 33. Kh3 Qe6+ 34. Kh4 Bxb2 35. R1d7+ Kg6 36. g4 Qe1+ 37. Kh3 Qf1+ 38. Kh4 Qf2+ 39. Kh3 Qf3+ 0-1

[Event "ARG-ch U16"]
[Site "La Falda"]
[Date "2015.05.02"]
[Round "8"]
[White "Viera, Matias Nahuel"]
[Black "Salvatierra, Francisco"]
[Result "1-0"]
[WhiteElo "1882"]
[BlackElo "1543"]
[PlyCount "75"]
[EventDate "2015.04.29"]
[EventType "tourn"]
[EventRounds "9"]
[EventCountry "ARG"]
[SourceTitle "CBM 166 Extra"]
[Source "ChessBase"]
[SourceDate "2015.06.18"]
[SourceVersion "1"]
[SourceVersionDate "2015.06.18"]
[SourceQuality "1"]

1. d4 Nf6 2. c4 g6 3. g3 Bg7 4. Bg2 0-0 5. Nf3 d6 6. 0-0 Nc6 7. Nc3 e5 8. d5 Ne7 9. Ne1 Nd7 10. Nd3 f5 11. e4 Nf6 12. f4 fxe4 13. Nxe4 Nxe4 14. Bxe4 c6 15. fxe5 Rxf1+ 16. Qxf1 cxd5 17. cxd5 dxe5 18. Bg5 Qb6+ 19. Qf2 Qxf2+ 20. Nxf2 Nf5 21. Rd1 Nd6 22. Be7 Bf8 23. Bxf8 Kxf8 24. Bg2 Bf5 25. Re1 Re8 26. g4 Bd7 27. h3 Kf7 28. Nd3 Kf6 29. Nc5 Bc8 30. Ne4+ Nxe4 31. Rxe4 b5 32. a4 Bd7 33. axb5 Bxb5 34. Re3 Rc8 35. g5+ Kxg5 36. Rxe5+ Kf4 37. Re4+ Kg3 38. Rg4# 1-0

[Event "ARG-ch U16"]
[Site "La Falda"]
[Date "2015.04.29"]
[Round "1"]
[White "Viera, Matias Nahuel"]
[Black "Tomas Falcon, Jesus"]
[Result "0-1"]
[WhiteElo "1882"]
[BlackElo "2144"]
[PlyCount "76"]
[EventDate "2015.04.29"]
[EventType "tourn"]
[EventRounds "9"]
[EventCountry "ARG"]
[SourceTitle "CBM 166 Extra"]
[Source "ChessBase"]
[SourceDate "2015.06.18"]
[SourceVersion "1"]
[SourceVersionDate "2015.06.18"]
[SourceQuality "1"]

1. d4 Nf6 2. c4 c5 3. d5 e6 4. Nc3 exd5 5. cxd5 d6 6. g3 g6 7. Bg2 Bg7 8. Nf3 0-0 9. 0-0 a6 10. a4 Re8 11. Nd2 Nbd7 12. h3 Rb8 13. Nc4 Nb6 14. Na3 Bd7 15. Bf4 Nc8 16. Nc4 Qc7 17. a5 Nh5 18. e4 Nxf4 19. gxf4 b5 20. axb6 Nxb6 21. Ne3 Bb5 22. Re1 Nc4 23. Nxb5 axb5 24. Nxc4 bxc4 25. Rc1 Rxb2 26. Rxc4 Qa5 27. e5 dxe5 28. d6 Rd2 29. Qc1 Rc8 30. fxe5 Bh6 31. Qa1 Ra2 32. Qc3 Qxc3 33. Rxc3 Bd2 34. d7 Rd8 35. Rxc5 Bxe1 36. Rc8 Bxf2+ 37. Kf1 Bh4 38. Rc4 Rxd7 0-1

[Event "ARG-ch U16 sf"]
[Site "La Falda"]
[Date "2015.03.24"]
[Round "9"]
[White "Viera, Matias Nahuel"]
[Black "Gimenez Aguirre, Ismael Alejo"]
[Result "1/2-1/2"]
[WhiteElo "1822"]
[BlackElo "2124"]
[PlyCount "29"]
[EventDate "2015.03.19"]
[EventType "swiss"]
[EventRounds "9"]
[EventCountry "ARG"]
[SourceTitle "EXT 2016"]
[Source "ChessBase"]
[SourceDate "2015.10.08"]
[SourceVersion "1"]
[SourceVersionDate "2015.10.08"]
[SourceQuality "1"]

1. d4 Nf6 2. c4 e6 3. g3 Bb4+ 4. Bd2 Qe7 5. Bg2 0-0 6. a3 Bxd2+ 7. Nxd2 d6 8. e3 Rd8 9. Ne2 d5 10. 0-0 c6 11. Qc2 Nbd7 12. e4 dxc4 13. e5 Nd5 14. Nxc4 c5 15. dxc5 1/2-1/2

[Event "ARG-ch U16 sf"]
[Site "La Falda"]
[Date "2015.03.23"]
[Round "8"]
[White "Viera, Matias Nahuel"]
[Black "Malamud, Lautaro"]
[Result "1-0"]
[WhiteElo "1822"]
[BlackElo "1695"]
[PlyCount "73"]
[EventDate "2015.03.19"]
[EventType "swiss"]
[EventRounds "9"]
[EventCountry "ARG"]
[SourceTitle "EXT 2016"]
[Source "ChessBase"]
[SourceDate "2015.10.08"]
[SourceVersion "1"]
[SourceVersionDate "2015.10.08"]
[SourceQuality "1"]

1. d4 Nf6 2. c4 g6 3. g3 Bg7 4. Bg2 0-0 5. Nf3 d6 6. 0-0 c5 7. Nc3 Nc6 8. d5 Na5 9. Nd2 a6 10. Qc2 Rb8 11. a4 Bd7 12. b3 e6 13. Bb2 exd5 14. Nxd5 Nxd5 15. Bxd5 Nc6 16. Bxg7 Kxg7 17. Qb2+ Qf6 18. Qxf6+ Kxf6 19. Ne4+ Ke7 20. e3 Nb4 21. Nc3 Be6 22. Rfd1 Bxd5 23. Nxd5+ Nxd5 24. Rxd5 Rfd8 25. e4 f6 26. Kg2 Kd7 27. f4 Kc6 28. Rad1 Kc7 29. Kf3 b6 30. g4 Rd7 31. h4 h6 32. g5 hxg5 33. hxg5 Rf8 34. gxf6 Rxf6 35. e5 Re6 36. Kg4 g5 37. Rxd6 1-0

[Event "ARG-ch U16"]
[Site "Rosario"]
[Date "2014.05.20"]
[Round "2"]
[White "Munoz, Francisco Javier"]
[Black "Viera, Matias Nahuel"]
[Result "1-0"]
[WhiteElo "2066"]
[BlackElo "1816"]
[PlyCount "85"]
[EventDate "2014.05.19"]
[EventType "tourn"]
[EventRounds "9"]
[EventCountry "ARG"]
[SourceTitle "CBM 160 Extra"]
[Source "ChessBase"]
[SourceDate "2014.07.01"]
[SourceVersion "1"]
[SourceVersionDate "2014.07.01"]
[SourceQuality "1"]

1. e4 c6 2. c4 e5 3. Nf3 d6 4. Nc3 Nf6 5. d4 Nbd7 6. Be2 Be7 7. 0-0 0-0 8. Rb1 a5 9. a3 Re8 10. dxe5 dxe5 11. Qc2 Qc7 12. Rd1 b6 13. h3 Bb7 14. Be3 Bc5 15. Bg5 Be7 16. b4 axb4 17. axb4 Nf8 18. Be3 Ne6 19. Bd3 Red8 20. Na4 Nd4 21. Bxd4 exd4 22. c5 bxc5 23. Nxc5 h6 24. e5 Nd7 25. Nxb7 Qxb7 26. Be4 Rac8 27. Rxd4 Qc7 28. Qc3 Re8 29. Rc4 c5 30. bxc5 Bxc5 31. Rc1 Qb6 32. Rc2 Rc7 33. Bf5 Rec8 34. Kh2 Bb4 35. Rxc7 Bxc3 36. Rxc8+ Nf8 37. R8xc3 g6 38. Be4 Kg7 39. Bd5 Qa5 40. Rc5 Qd8 41. Ba2 Qe7 42. Rc7 Nd7 43. Rd2 1-0

[Event "Wch U12"]
[Site "Caldas Novas"]
[Date "2011.11.20"]
[Round "3"]
[White "Harshal, Shahi"]
[Black "Viera, Matias Nahuel"]
[Result "1-0"]
[WhiteElo "1889"]
[BlackElo "1614"]
[PlyCount "69"]
[EventDate "2011.11.18"]
[EventType "swiss"]
[EventRounds "9"]
[EventCountry "BRA"]
[SourceTitle "EXT 2013"]
[Source "ChessBase"]
[SourceDate "2012.11.22"]
[SourceVersion "1"]
[SourceVersionDate "2012.11.22"]
[SourceQuality "1"]

1. e4 c6 2. d4 d5 3. exd5 cxd5 4. c4 Nf6 5. Nc3 e6 6. a3 Be7 7. Nf3 0-0 8. c5 Nbd7 9. Bd3 Ne8 10. Bf4 Ndf6 11. h3 Bd7 12. 0-0 a6 13. b4 Nc7 14. Qe2 Nfe8 15. a4 Rc8 16. Rfc1 Bf6 17. b5 a5 18. Rc2 Na8 19. Rac1 Nec7 20. Rb2 Ne8 21. Nd1 g6 22. Rbc2 Ng7 23. c6 bxc6 24. bxc6 Bxc6 25. Rxc6 Rxc6 26. Rxc6 Nf5 27. Bxf5 gxf5 28. Qa6 Qd7 29. Ne5 Bxe5 30. Bxe5 Rd8 31. Rd6 Qe7 32. Rxd8+ Qxd8 33. Qa7 Qe8 34. Nc3 Qd8 35. Bb8 1-0